[Event "19th EUR-ch"]
[Site "Batumi GEO"]
[Date "2018.03.18"]
[Round "2.52"]
[White "Drori, Saar"]
[Black "Pashikian, Arman"]
[Result "1/2-1/2"]
[WhiteElo "2420"]
[BlackElo "2585"]
[EventDate "2018.03.17"]
[PlyCount "56"]

1.e4 e5 2.Nf3 Nc6 3.d4 exd4 4.Nxd4 Bc5 5.Nb3 Bb6 6.Nc3 Nf6 7.Qe2 O-O 8.Bg5
Nd4 9.Qd2 Nxb3 10.axb3 Re8 11.O-O-O h6 12.h4 c6 13.Bc4 Bc7 14.f4 d5 15.
exd5 hxg5 16.hxg5 Bg4 17.d6 Bxd1 18.g6 Qxd6 19.gxf7+ Kf8 20.Rh8+ Ke7 21.
Qe3+ Kd7 22.fxe8=Q+ Rxe8 23.Rxe8 Nxe8 24.Ne4 Qxf4 25.Nc5+ Kc8 26.Qxf4 
Bxf4+ 27.Kxd1 Nd6 28.Bd3 Be5 1/2-1/2

[Event "19th EUR-ch"]
[Site "Batumi GEO"]
[Date "2018.03.18"]
[Round "2.53"]
[White "Lopez Martinez, Josep Manuel"]
[Black "Arabidze, Meri"]
[Result "1/2-1/2"]
[WhiteElo "2584"]
[BlackElo "2369"]
[EventDate "2018.03.17"]
[PlyCount "65"]

1.e4 e5 2.Nf3 Nf6 3.Nxe5 d6 4.Nf3 Nxe4 5.d4 d5 6.Bd3 Be7 7.O-O Bf5 8.Re1 
O-O 9.c4 Nc6 10.cxd5 Qxd5 11.Nc3 Nxc3 12.bxc3 Rfe8 13.Rb1 Bxd3 14.Qxd3 b6 
15.c4 Qd7 16.Be3 Bf6 17.Red1 h6 18.h3 Na5 19.Qc2 Qe6 20.Rbc1 Qe4 21.Rd3 
Nb7 22.Qd2 c5 23.Re1 cxd4 24.Bxd4 Qf5 25.Rxe8+ Rxe8 26.Bxf6 Qxf6 27.Rd7 
Re7 28.Qd5 Rxd7 29.Qxd7 Na5 30.Qe8+ Kh7 31.Ne5 Qf4 32.Nxf7 Qc1+ 33.Kh2 
1/2-1/2

[Event "19th EUR-ch"]
[Site "Batumi GEO"]
[Date "2018.03.18"]
[Round "2.54"]
[White "Kalashian, David"]
[Black "Vavulin, Maksim"]
[Result "1/2-1/2"]
[WhiteElo "2399"]
[BlackElo "2583"]
[EventDate "2018.03.17"]
[PlyCount "207"]

1.d4 Nf6 2.c4 e6 3.Nf3 b6 4.g3 Ba6 5.Qa4 c5 6.dxc5 bxc5 7.Bg2 Bb7 8.O-O 
Be7 9.Nc3 Ne4 10.Qb3 Nxc3 11.Qxc3 O-O 12.Bf4 d6 13.Rfd1 Qb6 14.Bg5 Nc6 15.
Bxe7 Nxe7 16.Qd3 Rfd8 17.Ng5 Ng6 18.Bxb7 Qxb7 19.Rd2 d5 20.cxd5 Rxd5 21.
Qe3 h6 22.Nf3 Ne7 23.Rc1 Rad8 24.Rxd5 Rxd5 25.Qa3 Qb5 26.Kf1 Nc6 27.Qb3 
Qxb3 28.axb3 Na5 29.Rc3 Rd1+ 30.Kg2 Rb1 31.Rxc5 Nxb3 32.Rb5 Nc1 33.Nd2 Ra1
34.Kf3 Ra6 35.Ke3 g5 36.Ne4 Kg7 37.Kd2 Na2 38.Nc5 Rd6+ 39.Nd3 a6 40.Rb7 e5
41.Ke3 Kf6 42.Rb3 a5 43.Rb5 Ra6 44.Nxe5 Nb4 45.Nc4 Re6+ 46.Kd2 Nc6 47.Rb6 
Kf5 48.f3 Kf6 49.e4 Nd4 50.Ke3 Nc2+ 51.Kd3 Nb4+ 52.Kc3 Rxb6 53.Nxb6 Ke6 
54.Nc4 Nc6 55.Kd3 f5 56.exf5+ Kxf5 57.Ne3+ Ke6 58.Ke4 Ne5 59.f4 gxf4 60.
gxf4 Nd7 61.Kd4 h5 62.Kc4 Kd6 63.Kb5 Nc5 64.Kc4 Ne6 65.f5 Ng5 66.Kd4 Nf3+ 
67.Ke4 Nxh2 68.Kf4 h4 69.Nc4+ Kd5 70.Nxa5 h3 71.Kg3 Nf1+ 72.Kxh3 Ne3 73.f6
Ke6 74.Kg3 Kxf6 75.Kf4 Nd5+ 76.Ke4 Ke6 77.Nc4 Nb4 78.Kd4 Kd7 79.Ne5+ Kd6 
80.Kc4 Nd5 81.Nd3 Ne3+ 82.Kb5 Nd5 83.b3 Nc3+ 84.Ka5 Nd5 85.Kb5 Nc3+ 86.Kb6
Nd5+ 87.Kb7 Nc3 88.Ka6 Nd5 89.Ka5 Kc7 90.Nb4 Nc3 91.Na6+ Kc6 92.b4 Kb7 93.
Nc5+ Kc6 94.Ne6 Kb7 95.Nc5+ Kc6 96.Na4 Nxa4 97.Kxa4 Kb6 98.b5 Kb7 99.Ka5 
Ka7 100.b6+ Kb7 101.Kb5 Kb8 102.Kc6 Kc8 103.b7+ Kb8 104.Kb6 1/2-1/2

[Event "19th EUR-ch"]
[Site "Batumi GEO"]
[Date "2018.03.18"]
[Round "2.55"]
[White "Danielyan, Vahe"]
[Black "Esipenko, Andrey"]
[Result "1-0"]
[WhiteElo "2331"]
[BlackElo "2581"]
[EventDate "2018.03.17"]
[PlyCount "105"]

1.g3 d5 2.Nf3 Nf6 3.Bg2 e6 4.O-O c5 5.d3 Nc6 6.Nbd2 g6 7.e4 Bg7 8.Re1 O-O 
9.c3 a5 10.a4 b6 11.exd5 exd5 12.Nf1 h6 13.d4 Bg4 14.Ne3 Be6 15.Ne5 Ne7 
16.b3 Nd7 17.N3g4 h5 18.Ne3 Nxe5 19.dxe5 Qd7 20.Ra2 Rad8 21.Rd2 d4 22.cxd4
cxd4 23.Nc4 Bh6 24.f4 Nf5 25.Ba3 b5 26.Nxa5 bxa4 27.bxa4 Bd5 28.Nb3 Qxa4 
29.Bxd5 Rxd5 30.Bxf8 Bxf8 31.Qf3 Rb5 32.Rd3 Rb6 33.h3 Bb4 34.Ra1 Qb5 35.g4
Nh4 36.Qg3 Bc3 37.Rad1 Qxb3 38.Qxh4 Ra6 39.gxh5 Qc2 40.Qd8+ Kh7 41.Qf8 Ra7
42.h6 f5 43.exf6 Qa2 44.f5 g5 45.Qd6 Rf7 46.Qg3 Rf8 47.h4 g4 48.Qf4 Qa7 
49.Qg5 Rf7 50.h5 Qc7 51.Qg6+ Kh8 52.h7 Rf8 53.h6 1-0

[Event "19th EUR-ch"]
[Site "Batumi GEO"]
[Date "2018.03.18"]
[Round "2.56"]
[White "Postny, Evgeny"]
[Black "Martynov, Roman"]
[Result "1/2-1/2"]
[WhiteElo "2579"]
[BlackElo "2319"]
[EventDate "2018.03.17"]
[PlyCount "44"]

1.d4 Nf6 2.c4 e6 3.Nf3 Bb4+ 4.Bd2 Qe7 5.g3 Nc6 6.Nc3 O-O 7.Bg2 Na5 8.b3 b6
9.O-O Bb7 10.Qc2 Rac8 11.Rfd1 h6 12.Nb5 a6 13.Bxb4 Qxb4 14.Nc3 c5 15.dxc5 
b5 16.Ne5 bxc4 17.Bxb7 Qxb7 18.b4 Qxb4 19.Na4 Qb7 20.Nb6 d5 21.Nxc8 Rxc8 
22.Qc3 Qc7 1/2-1/2

[Event "19th EUR-ch"]
[Site "Batumi GEO"]
[Date "2018.03.18"]
[Round "2.57"]
[White "Eminov, Orkhan"]
[Black "Sarana, Alexey"]
[Result "0-1"]
[WhiteElo "2295"]
[BlackElo "2577"]
[EventDate "2018.03.17"]
[PlyCount "104"]

1.e4 c5 2.Nc3 d6 3.g3 g6 4.Bg2 Bg7 5.d3 Nc6 6.Be3 Rb8 7.Qd2 b5 8.Nge2 b4 
9.Nd1 h5 10.h3 Nf6 11.f4 Bb7 12.O-O Nd7 13.c3 Qa5 14.f5 Nce5 15.fxg6 Nxg6 
16.Bg5 bxc3 17.bxc3 Ba6 18.Ne3 e6 19.Rf2 Nde5 20.Raf1 Bxd3 21.Nf5 Bf8 22.
Re1 c4 23.Nf4 Qc5 24.Nd4 Rh7 25.Nxg6 Nxg6 26.e5 d5 27.Bf1 Bxf1 28.Rexf1 
Qc7 29.Qc2 Bc5 30.Rxf7 Qxf7 31.Rxf7 Bxd4+ 32.cxd4 Kxf7 33.Qf2+ Ke8 34.Qc2 
Nf8 35.Qa4+ Rd7 36.Bh6 Ng6 37.Qc2 Ne7 38.Qh7 Rdb7 39.g4 hxg4 40.hxg4 Rb1+ 
41.Kg2 R8b2+ 42.Kg3 Rg1+ 43.Kf3 Rh1 44.g5 c3 45.g6 Rf1+ 46.Kg3 Nf5+ 47.Kg4
Rg2+ 48.Kh3 Rg3+ 49.Kh2 Rf2+ 50.Kh1 Nxh6 51.Qxh6 c2 52.g7 Kf7 0-1

[Event "19th EUR-ch"]
[Site "Batumi GEO"]
[Date "2018.03.18"]
[Round "2.58"]
[White "Yakovenko, Dmitry"]
[Black "Yeritsian, Hayk"]
[Result "1-0"]
[WhiteElo "2746"]
[BlackElo "2149"]
[EventDate "2018.03.17"]
[PlyCount "41"]

1.d4 d5 2.c4 e6 3.Nc3 Be7 4.cxd5 exd5 5.Bf4 Nf6 6.e3 O-O 7.Bd3 c5 8.Nge2 
Nc6 9.O-O Be6 10.Rc1 Rc8 11.dxc5 Bxc5 12.Bb1 Qe7 13.Bg5 Rfd8 14.Nf4 Bd6 
15.Ncxd5 Bxd5 16.Nxd5 Bxh2+ 17.Kh1 Qe5 18.Bxf6 gxf6 19.Qg4+ Kf8 20.Nc3 Ne7
21.Qh3 1-0

[Event "19th EUR-ch"]
[Site "Batumi GEO"]
[Date "2018.03.18"]
[Round "2.59"]
[White "Navara, David"]
[Black "Sargsian, Shant"]
[Result "1-0"]
[WhiteElo "2737"]
[BlackElo "2481"]
[EventDate "2018.03.17"]
[PlyCount "63"]

1.e4 e5 2.Nf3 Nc6 3.Bb5 Nf6 4.O-O Nxe4 5.Re1 Nd6 6.Nxe5 Be7 7.Bf1 Nxe5 8.
Rxe5 O-O 9.d4 Bf6 10.Re2 b6 11.Re1 Re8 12.Bf4 Rxe1 13.Qxe1 Qe7 14.Nc3 Bb7 
15.Qd2 Ne4 16.Nxe4 Qxe4 17.Bxc7 Qxd4 18.Qxd4 Bxd4 19.c3 Rc8 20.Bf4 Bf6 21.
a4 d5 22.Be3 h6 23.a5 bxa5 24.Rxa5 a6 25.Ra4 Ra8 26.g3 Bd8 27.Bg2 Rb8 28.
Rb4 Be7 29.Rb3 a5 30.Bxd5 Bxd5 31.Rxb8+ Kh7 32.Rb5 1-0

[Event "19th EUR-ch"]
[Site "Batumi GEO"]
[Date "2018.03.18"]
[Round "2.60"]
[White "Matlakov, Maxim"]
[Black "Sadikhov, Ulvi"]
[Result "1-0"]
[WhiteElo "2707"]
[BlackElo "2477"]
[EventDate "2018.03.17"]
[PlyCount "93"]

1.e4 c5 2.Nf3 e6 3.g3 Nc6 4.Bg2 d5 5.exd5 exd5 6.d4 Nf6 7.O-O cxd4 8.Nxd4 
Be7 9.Nc3 O-O 10.Be3 Ne5 11.Bf4 Nc6 12.Re1 Bg4 13.Qd2 Rc8 14.h3 Bd7 15.Nb3
Be6 16.Rad1 Qd7 17.Kh2 Rfd8 18.Bg5 b6 19.Qf4 Nh5 20.Qh4 Nf6 21.Qf4 Nh5 22.
Qf3 Nf6 23.Qe2 Re8 24.Qf1 Nb4 25.Nd4 h6 26.Be3 Bf5 27.Re2 Ne4 28.Nxf5 Qxf5
29.Nxe4 dxe4 30.c3 Nc6 31.Bf4 Bf6 32.Rde1 g5 33.Bc1 Ne5 34.Bxe4 Qd7 35.f4 
gxf4 36.gxf4 Ng6 37.Qg2 Kh8 38.Bxg6 Rg8 39.f5 fxg6 40.fxg6 Bh4 41.Bf4 Bxe1
42.Be5+ Rg7 43.Rxe1 Re8 44.Qf2 Kg8 45.Bxg7 Kxg7 46.Rxe8 Qxe8 47.Qf7+ 1-0

[Event "19th EUR-ch"]
[Site "Batumi GEO"]
[Date "2018.03.18"]
[Round "2.62"]
[White "Nabaty, Tamir"]
[Black "Lobanov, Sergei"]
[Result "1-0"]
[WhiteElo "2690"]
[BlackElo "2468"]
[EventDate "2018.03.17"]
[PlyCount "89"]

1.c4 e5 2.Nc3 Nc6 3.Nf3 Nf6 4.e3 Bb4 5.Qc2 O-O 6.Nd5 Be7 7.a3 d6 8.b4 h6 
9.Bb2 Be6 10.b5 Nb8 11.Nxe7+ Qxe7 12.Be2 c5 13.O-O Bg4 14.Rae1 Nbd7 15.Nh4
Bxe2 16.Rxe2 Qe6 17.Nf5 Nb6 18.d4 e4 19.dxc5 dxc5 20.Ng3 Nxc4 21.Bxf6 gxf6
22.Nxe4 Nxa3 23.Qa4 Nxb5 24.Nxc5 Qc6 25.Qg4+ Kh8 26.Qh5 Kg7 27.Rd2 Rfd8 
28.Nd7 a6 29.Rfd1 Qe6 30.Nc5 Qe7 31.Rd7 Nc3 32.Ne6+ Qxe6 33.Rxd8 Rxd8 34.
Rxd8 f5 35.h3 b5 36.Qf3 Ne4 37.Qf4 Qf6 38.Ra8 Qc6 39.Qe5+ Nf6 40.Rd8 Qe4 
41.Qg3+ Kh7 42.Qd6 Kg7 43.Qg3+ Kh7 44.Qb8 Kg7 45.Rd4 1-0

[Event "19th EUR-ch"]
[Site "Batumi GEO"]
[Date "2018.03.18"]
[Round "2.63"]
[White "Minasian, Artashes"]
[Black "Kravtsiv, Martyn"]
[Result "1/2-1/2"]
[WhiteElo "2467"]
[BlackElo "2685"]
[EventDate "2018.03.17"]
[PlyCount "74"]

1.Nf3 Nf6 2.g3 d5 3.Bg2 e6 4.O-O c5 5.c4 d4 6.d3 Nc6 7.e3 Bd6 8.exd4 cxd4 
9.Na3 O-O 10.Nc2 e5 11.Bg5 h6 12.Bxf6 Qxf6 13.Re1 a5 14.a3 Bg4 15.h3 Bf5 
16.Rb1 Rac8 17.b4 axb4 18.Nxb4 Nxb4 19.axb4 b6 20.Qb3 Rc7 21.Nd2 Qg6 22.
Ne4 Be7 23.Ra1 Rb8 24.Ra3 Be6 25.Qb1 Kh8 26.Nd2 f6 27.Qb2 Qf7 28.Rea1 Qf8 
29.Ra8 Rcc8 30.Rxb8 Rxb8 31.Rb1 f5 32.Nf3 Bf6 33.Nxe5 Bxe5 34.Re1 Qd6 35.
Qe2 Bxc4 36.Qxe5 Qxe5 37.Rxe5 Bxd3 1/2-1/2

[Event "19th EUR-ch"]
[Site "Batumi GEO"]
[Date "2018.03.18"]
[Round "2.64"]
[White "Danielian, Elina"]
[Black "Motylev, Alexander"]
[Result "0-1"]
[WhiteElo "2413"]
[BlackElo "2669"]
[EventDate "2018.03.17"]
[PlyCount "40"]

1.d4 g6 2.e4 Bg7 3.Nc3 d6 4.f4 Nf6 5.e5 Nfd7 6.Be3 c5 7.exd6 O-O 8.Nf3 
exd6 9.Qd2 Nc6 10.O-O-O Qa5 11.Kb1 Nf6 12.h3 b5 13.Bxb5 Nb4 14.a3 Bf5 15.
axb4 cxb4 16.Bd3 Rab8 17.Na2 Nd5 18.Ka1 Rfc8 19.Bxf5 gxf5 20.Qd3 b3 0-1

[Event "19th EUR-ch"]
[Site "Batumi GEO"]
[Date "2018.03.18"]
[Round "2.65"]
[White "Sutovsky, Emil"]
[Black "Pijpers, Arthur"]
[Result "1/2-1/2"]
[WhiteElo "2659"]
[BlackElo "2453"]
[EventDate "2018.03.17"]
[PlyCount "49"]

1.e4 e6 2.d4 d5 3.Nc3 Nf6 4.e5 Nfd7 5.f4 c5 6.Nf3 Nc6 7.Be3 cxd4 8.Nxd4 
Qb6 9.Qd2 Qxb2 10.Rb1 Qa3 11.Bb5 Nxd4 12.Bxd4 a6 13.Bxd7+ Bxd7 14.Rb3 Qe7 
15.Rxb7 Rc8 16.O-O Qd8 17.Qe3 Rc4 18.Rfb1 Be7 19.f5 Bc8 20.Ra7 Bg5 21.Qd3 
O-O 22.f6 gxf6 23.Bb6 Qe8 24.Bd4 Qd8 25.Bb6 1/2-1/2

[Event "19th EUR-ch"]
[Site "Batumi GEO"]
[Date "2018.03.18"]
[Round "2.66"]
[White "Kovalev, Vladislav"]
[Black "Ushenina, Anna"]
[Result "1-0"]
[WhiteElo "2650"]
[BlackElo "2423"]
[EventDate "2018.03.17"]
[PlyCount "101"]

1.e4 c5 2.Be2 Nc6 3.d3 g6 4.f4 Bg7 5.Nf3 e6 6.O-O Nge7 7.c3 d6 8.Be3 O-O 
9.Nbd2 b6 10.Qe1 Ba6 11.Qh4 Qd7 12.Rae1 f5 13.Kh1 Rae8 14.g4 Bb7 15.Kg1 
Nd8 16.Qg3 Nf7 17.h4 e5 18.gxf5 gxf5 19.fxe5 dxe5 20.Qh3 Bc8 21.Kh1 Qc6 
22.Rg1 f4 23.Qg2 Qh6 24.Bf2 Kh8 25.a3 a5 26.Qxg7+ Qxg7 27.Rxg7 Kxg7 28.Nc4
Be6 29.Nxb6 Rg8 30.Ng5 Nxg5 31.hxg5 h5 32.Rg1 Kg6 33.Bxc5 Rh8 34.d4 Bg4 
35.Bb5 Rb8 36.a4 Bf3+ 37.Kh2 Bxe4 38.Nd7 Nf5 39.Nxe5+ Kg7 40.Rf1 f3 41.
Nxf3 h4 42.Ne5 h3 43.Be7 Nxe7 44.Rf7+ Kg8 45.Rxe7 Rh7 46.Rxh7 Kxh7 47.Nd7 
Rh8 48.Nf6+ Kg6 49.Nxe4 Kf5 50.Nd6+ Ke6 51.Bc4+ 1-0

[Event "19th EUR-ch"]
[Site "Batumi GEO"]
[Date "2018.03.18"]
[Round "2.67"]
[White "Baghdasarian, Vahe"]
[Black "Meier, Georg"]
[Result "1/2-1/2"]
[WhiteElo "2431"]
[BlackElo "2648"]
[EventDate "2018.03.17"]
[PlyCount "100"]

1.e4 e6 2.d4 d5 3.Nc3 Nf6 4.Bg5 dxe4 5.Nxe4 Nbd7 6.Nf3 h6 7.Nxf6+ Nxf6 8.
Be3 Bd6 9.Bd3 O-O 10.Qe2 b6 11.O-O-O Bb7 12.Ne5 Nd5 13.f4 Nxe3 14.Qxe3 c5 
15.dxc5 Bxc5 16.Qh3 Qe7 17.Rhe1 Rad8 18.g4 Qf6 19.Qg3 g5 20.fxg5 hxg5 21.
Rf1 Qg7 22.Bc4 Rd4 23.Nd7 Bd6 24.Qxd6 Rxd6 25.Rxd6 Rd8 26.Rd3 Bd5 27.Nf6+ 
Kf8 28.Nxd5 exd5 29.Bxd5 Rd7 30.c4 Qe5 31.Rdf3 Qxh2 32.Rxf7+ Rxf7 33.Rxf7+
Ke8 34.Rxa7 Qf4+ 35.Kc2 Qxg4 36.b4 Qd4 37.Kb3 g4 38.Ra8+ Ke7 39.Ka4 g3 40.
Kb5 Qg4 41.Ra7+ Kd8 42.Kxb6 g2 43.Bxg2 Qxg2 44.c5 Kc8 45.a4 Qg6+ 46.Kb5 
Qe8+ 47.Kb6 Qd8+ 48.Ka6 Qd4 49.Kb5 Kb8 50.Ra6 Qd7+ 1/2-1/2

[Event "19th EUR-ch"]
[Site "Batumi GEO"]
[Date "2018.03.18"]
[Round "2.68"]
[White "Ozen, Deniz"]
[Black "Guseinov, Gadir"]
[Result "0-1"]
[WhiteElo "2407"]
[BlackElo "2646"]
[EventDate "2018.03.17"]
[PlyCount "112"]

1.e4 c5 2.Nf3 Nc6 3.Bb5 d6 4.O-O Bd7 5.Re1 Nf6 6.c3 a6 7.Bf1 Bg4 8.d4 Bxf3
9.gxf3 g5 10.Be3 Nh5 11.Nd2 Nf4 12.Nc4 b5 13.d5 Nb8 14.Nd2 Bg7 15.a4 b4 
16.cxb4 cxb4 17.Nc4 Nd7 18.a5 O-O 19.Qd2 Ne5 20.Nxe5 Bxe5 21.Qxb4 e6 22.
Bxf4 Bxf4 23.Qd4 Be5 24.Qe3 Qf6 25.Rad1 Kh8 26.b4 Rg8 27.h3 h5 28.Be2 Rab8
29.b5 axb5 30.a6 b4 31.a7 Ra8 32.Kg2 Qf4 33.Qxf4 gxf4+ 34.Kh2 Rxa7 35.dxe6
fxe6 36.Bc4 Re8 37.Rd3 Rc7 38.Bb3 Kg7 39.Kg2 Rc3 40.Red1 Kf6 41.Kf1 Kg5 
42.Ke2 Kh4 43.Rg1 Rxd3 44.Kxd3 Kxh3 45.Rg6 Kh4 46.Bxe6 Ra8 47.Kc4 Ra3 48.
Kxb4 Rxf3 49.Rg2 Bd4 50.Kc4 Rxf2 51.Rg8 Rd2 52.Rf8 Kg3 53.Rf5 f3 54.Rxh5 
f2 55.Bh3 Rd1 56.Rh7 Be5 0-1

[Event "19th EUR-ch"]
[Site "Batumi GEO"]
[Date "2018.03.18"]
[Round "2.69"]
[White "Krasenkow, Michal"]
[Black "Schnider, Gert"]
[Result "1/2-1/2"]
[WhiteElo "2644"]
[BlackElo "2414"]
[EventDate "2018.03.17"]
[PlyCount "55"]

1.d4 Nf6 2.c4 e6 3.Nc3 Bb4 4.e3 O-O 5.Nf3 d6 6.Bd3 e5 7.Bc2 Nc6 8.O-O Bg4 
9.Nd5 Ba5 10.Nxf6+ Qxf6 11.d5 Ne7 12.Rb1 Ng6 13.b4 Bb6 14.Bb2 a5 15.a3 
axb4 16.axb4 Ra2 17.h3 Bxf3 18.Qxf3 Qxf3 19.gxf3 Nh4 20.Bd1 f5 21.Kh1 f4 
22.c5 dxc5 23.bxc5 Bxc5 24.Bxe5 Bd6 25.exf4 Ng6 26.Rxb7 Nxf4 27.Bb3 Rd2 
28.Bxf4 1/2-1/2

[Event "19th EUR-ch"]
[Site "Batumi GEO"]
[Date "2018.03.18"]
[Round "2.70"]
[White "Bagaturov, Giorgi"]
[Black "Kovalenko, Igor"]
[Result "0-1"]
[WhiteElo "2410"]
[BlackElo "2642"]
[EventDate "2018.03.17"]
[PlyCount "177"]

1.d4 Nf6 2.c4 g6 3.Nf3 Bg7 4.g3 c5 5.Bg2 cxd4 6.Nxd4 h5 7.Nc3 h4 8.Bg5 h3 
9.Bf3 Nc6 10.Nxc6 bxc6 11.Qd2 Qa5 12.Rc1 Nh7 13.Be3 Nf8 14.O-O Ne6 15.Rfd1
Rb8 16.c5 f5 17.a3 Kf7 18.Qc2 Bf6 19.Na4 Qc7 20.Bd2 Ba6 21.b4 Bb5 22.Bc3 
Bxa4 23.Qxa4 a5 24.Bxf6 Kxf6 25.bxa5 Rb5 26.a6 Nxc5 27.Qc4 e5 28.e4 Ra5 
29.exf5 gxf5 30.Qb4 Ne6 31.Rd6 Rxa6 32.Rcd1 Qa5 33.Qb1 Qxa3 34.Be2 Ra7 35.
Bf1 Qc5 36.Qb2 Ke7 37.Qd2 Nd4 38.Rxd4 exd4 39.Qg5+ Kf7 40.Bc4+ Qxc4 41.
Qxf5+ Ke7 42.Re1+ Kd8 43.Qf6+ Kc7 44.Qe5+ Kb7 45.Rb1+ Qb5 46.Rxb5+ cxb5 
47.Qxb5+ Kc8 48.Qc4+ Rc7 49.Qa6+ Rb7 50.f3 Rh5 51.Qc4+ Kb8 52.Qxd4 Ra5 53.
Kf2 Ra2+ 54.Ke3 Rbb2 55.Kf4 Kc7 56.Qc5+ Kb7 57.Qd5+ Ka6 58.Kg4 Rd2 59.Qc4+
Kb6 60.Qb4+ Kc6 61.Qc4+ Kd6 62.Qb4+ Kd5 63.Kxh3 Rab2 64.Qe4+ Kc5 65.Qe3+ 
Kc4 66.Qf4+ Kd3 67.g4 d5 68.g5 Rg2 69.Qf5+ Kc4 70.Kh4 d4 71.Qe6+ Kc3 72.
Qc6+ Kd2 73.g6 d3 74.f4 Ke3 75.f5 Rxh2+ 76.Kg5 Rbg2+ 77.Kf6 d2 78.Qe6+ Kf2
79.Qd7 Ke1 80.Qe7+ Kf1 81.Qd7 Rh3 82.Kf7 Rhg3 83.Kf8 Ke1 84.Qe7+ Kf1 85.
Qd7 Rg5 86.Qd3+ Kg1 87.Kf7 Rxf5+ 88.Kg7 Rfg5 89.Qe3+ 0-1

[Event "19th EUR-ch"]
[Site "Batumi GEO"]
[Date "2018.03.18"]
[Round "2.71"]
[White "Parligras, Mircea-Emilian"]
[Black "Blohberger, Felix"]
[Result "1/2-1/2"]
[WhiteElo "2642"]
[BlackElo "2409"]
[EventDate "2018.03.17"]
[PlyCount "97"]

1.d4 e6 2.Nf3 Nf6 3.Bf4 d5 4.e3 Bd6 5.Bg3 O-O 6.c4 c5 7.dxc5 Bxc5 8.Nbd2 
Nc6 9.a3 a5 10.Qc2 Qe7 11.Bd3 h6 12.O-O Rd8 13.cxd5 exd5 14.Rfe1 Be6 15.
Bh4 g5 16.Bg3 Rac8 17.Rac1 Ba7 18.Qa4 Nd7 19.Bb1 Nc5 20.Qd1 Ne4 21.Qa4 f5 
22.Nxe4 dxe4 23.Ne5 Nxe5 24.Bxe5 Rxc1 25.Rxc1 Bb6 26.Rd1 Kf7 27.h3 Qe8 28.
Qc2 Qb5 29.Rxd8 Bxd8 30.Bd4 Bf6 31.Bxf6 Kxf6 32.g4 Qc4 33.Qxc4 Bxc4 34.
gxf5 Kxf5 35.Kg2 Be2 36.Kg3 Bf3 37.Ba2 Ke5 38.h4 b6 39.hxg5 hxg5 40.Bc4 
Bd1 41.Kg2 Kd6 42.Kf1 Kc5 43.Bf7 Bf3 44.Ke1 b5 45.Kd2 b4 46.Kc2 bxa3 47.
bxa3 Bg2 48.Kc3 Bf3 49.Bg8 1/2-1/2

[Event "19th EUR-ch"]
[Site "Batumi GEO"]
[Date "2018.03.18"]
[Round "2.72"]
[White "Volokytin, Andriy"]
[Black "Soysal, Serkan"]
[Result "1-0"]
[WhiteElo "2639"]
[BlackElo "2406"]
[EventDate "2018.03.17"]
[PlyCount "82"]

1.e4 e5 2.Nf3 Nc6 3.Bb5 Nf6 4.d3 Bc5 5.Bxc6 dxc6 6.O-O Qe7 7.Nbd2 Bg4 8.a3
Nd7 9.b4 Bd6 10.Nc4 Qf6 11.Be3 Bxf3 12.Qxf3 Qxf3 13.gxf3 b6 14.c3 f6 15.d4
Ke7 16.Rfb1 a5 17.bxa5 b5 18.Nxd6 cxd6 19.d5 cxd5 20.Rxb5 dxe4 21.fxe4 
Rhc8 22.Bd2 Rc4 23.f3 g6 24.Rd1 f5 25.exf5 gxf5 26.Rb4 Rac8 27.a6 f4 28.
Be1 R4c6 29.a7 Ra6 30.Bf2 Rxc3 31.Rb7 Ke6 32.Rdb1 Rcxa3 33.Rc7 Ra1 34.Rxa1
Rxa1+ 35.Kg2 Nc5 36.Rxh7 Ra2 37.Kf1 Kd5 38.h4 Kc6 39.h5 Ra1+ 40.Kg2 Ra2 
41.h6 Kd5 1-0

[Event "19th EUR-ch"]
[Site "Batumi GEO"]
[Date "2018.03.18"]
[Round "2.73"]
[White "Alexandrov, Alexei"]
[Black "Mirzoev, Emil"]
[Result "1-0"]
[WhiteElo "2630"]
[BlackElo "2405"]
[EventDate "2018.03.17"]
[PlyCount "75"]

1.d4 Nf6 2.c4 g6 3.Nc3 Bg7 4.e4 O-O 5.Nf3 c6 6.e5 Ne8 7.Be2 d6 8.O-O Nd7 
9.Re1 dxe5 10.dxe5 Nc7 11.Bf4 a5 12.h3 Ne6 13.Bh2 Qb6 14.Qc2 Ndc5 15.Rad1 
Bh6 16.Bf1 Nc7 17.g4 a4 18.Kh1 Be6 19.Nd4 a3 20.b3 N5a6 21.f4 c5 22.Nxe6 
Nb4 23.Qe4 Nxe6 24.Nd5 Nxd5 25.cxd5 Nd4 26.Bg1 f5 27.exf6 exf6 28.Bxd4 
cxd4 29.Qxd4 Qd6 30.f5 gxf5 31.gxf5 Rac8 32.Re6 Qg3 33.Qg4+ Qxg4 34.hxg4 
Rc2 35.d6 Rxa2 36.Bc4 b5 37.d7 bxc4 38.Re8 1-0

[Event "19th EUR-ch"]
[Site "Batumi GEO"]
[Date "2018.03.18"]
[Round "2.74"]
[White "Belous, Mikhail"]
[Black "Solak, Dragan"]
[Result "0-1"]
[WhiteElo "2355"]
[BlackElo "2629"]
[EventDate "2018.03.17"]
[PlyCount "120"]

1.d4 d6 2.c4 e5 3.Nf3 e4 4.Ng5 f5 5.Nc3 h6 6.Nh3 g5 7.Ng1 Nf6 8.e3 Bg7 9.
h4 g4 10.Nge2 O-O 11.Nf4 c5 12.dxc5 dxc5 13.Qb3 Nc6 14.Bd2 Qb6 15.Qb5 Ne5 
16.Qxb6 axb6 17.Ncd5 Nxd5 18.Nxd5 Be6 19.Nc7 Bxc4 20.Nxa8 Rxa8 21.Bc3 b5 
22.Bxc4+ bxc4 23.Ke2 b5 24.a3 Nd3 25.Bxg7 Kxg7 26.Kd2 Nxf2 27.Rhf1 g3 28.
a4 bxa4 29.Kc3 Kf6 30.Kxc4 Nd3 31.Kc3 Ke5 32.Ra3 Rb8 33.Rxa4 Rxb2 34.Ra8 
Rf2 35.Re8+ Kd5 36.Rd8+ Kc6 37.Ra1 Nb4 38.Raa8 Nd5+ 39.Kb3 Nb6 40.Ra2 c4+ 
41.Ka3 Rxa2+ 42.Kxa2 Nd5 43.Rh8 Nxe3 44.Rxh6+ Kd5 45.Rg6 Nxg2 46.h5 Nf4 
47.Rg5 Nxh5 48.Rxf5+ Kd4 49.Rxh5 e3 50.Rh4+ Kd3 51.Rg4 e2 52.Rxg3+ Kd2 53.
Rg2 Kd1 54.Rg4 e1=Q 55.Rxc4 Kd2 56.Kb2 Kd3 57.Rc8 Qf2+ 58.Kc1 Qg1+ 59.Kb2 
Qg7+ 60.Ka2 Qa7+ 0-1

[Event "19th EUR-ch"]
[Site "Batumi GEO"]
[Date "2018.03.18"]
[Round "2.75"]
[White "Erdos, Viktor"]
[Black "Bosman, Michiel"]
[Result "1-0"]
[WhiteElo "2627"]
[BlackElo "2398"]
[EventDate "2018.03.17"]
[PlyCount "89"]

1.Nf3 d5 2.g3 g6 3.Bg2 Bg7 4.d4 Nf6 5.O-O O-O 6.c4 dxc4 7.Na3 Na6 8.Nxc4 
c5 9.b3 Bf5 10.Bb2 Be4 11.Qc1 Qc8 12.Qf4 Qf5 13.Qxf5 gxf5 14.Nfe5 Bxg2 15.
Kxg2 Rac8 16.Rfd1 cxd4 17.Bxd4 b6 18.Nd7 Nxd7 19.Bxg7 Rfd8 20.Bb2 Nf8 21.
Ne3 e6 22.Nc4 Rxd1 23.Rxd1 Nb4 24.Rd2 Nc6 25.Bf6 Rc7 26.Ne5 Nxe5 27.Bxe5 
Rc5 28.Bb8 Ra5 29.b4 Ra4 30.Be5 f6 31.Bxf6 Kf7 32.Bc3 Ke7 33.Be5 Nd7 34.
Bd6+ Kd8 35.f3 Nf6 36.Kf2 Nd5 37.e4 fxe4 38.fxe4 Nf6 39.Kf3 Ke8 40.g4 h6 
41.Kf4 Kf7 42.Rf2 Kg6 43.h3 Nd7 44.Rc2 a5 45.Rc7 1-0

[Event "19th EUR-ch"]
[Site "Batumi GEO"]
[Date "2018.03.18"]
[Round "2.76"]
[White "Yilmaz, Mustafa"]
[Black "Rzayev, Bahruz"]
[Result "1-0"]
[WhiteElo "2619"]
[BlackElo "2390"]
[EventDate "2018.03.17"]
[PlyCount "81"]

1.d4 d5 2.c4 e6 3.Nc3 Nf6 4.cxd5 exd5 5.Bg5 c6 6.e3 Be7 7.Bd3 Nbd7 8.Nf3 
Ne4 9.Bf4 f5 10.h3 O-O 11.Qc2 Ndf6 12.Ne5 Nd7 13.Nf3 Ndf6 14.Ne5 Nd7 15.
O-O-O Nxe5 16.Bxe5 Qa5 17.g4 Bb4 18.Nb1 Qxa2 19.f3 Nd6 20.Rhg1 Rf7 21.Bxd6
Bxd6 22.gxf5 Qa5 23.Nc3 b5 24.e4 Bf4+ 25.Kb1 Be3 26.Ne2 Bxg1 27.Rxg1 b4 
28.Nc1 Qb6 29.Nb3 dxe4 30.fxe4 Ba6 31.Bxa6 Qxa6 32.Nc5 Qb5 33.Qb3 Qe2 34.
f6 g6 35.e5 a5 36.Rc1 Rd8 37.Ne6 Qe4+ 38.Ka2 a4 39.Qc4 Rdf8 40.Nxf8 Kxf8 
41.Qxc6 1-0

[Event "19th EUR-ch"]
[Site "Batumi GEO"]
[Date "2018.03.18"]
[Round "2.77"]
[White "Paravian, David"]
[Black "Hayrapetyan, Artavazd R."]
[Result "1-0"]
[WhiteElo "2613"]
[BlackElo "2370"]
[EventDate "2018.03.17"]
[PlyCount "53"]

1.e4 e5 2.Nf3 Nf6 3.Nxe5 d6 4.Nf3 Nxe4 5.d4 d5 6.Bd3 Be7 7.O-O Nc6 8.c4 
Nb4 9.Be2 O-O 10.Nc3 Bf5 11.a3 Nxc3 12.bxc3 Nc6 13.Re1 Re8 14.Bf4 Bd6 15.
Bxd6 Qxd6 16.Qb3 Na5 17.Qb5 b6 18.Qxd5 Be6 19.Qb5 c5 20.Bd3 h6 21.Re3 cxd4
22.cxd4 Rec8 23.Rae1 a6 24.Qa4 Bd7 25.Qc2 Bb5 26.cxb5 Rxc2 27.Re8+ 1-0

[Event "19th EUR-ch"]
[Site "Batumi GEO"]
[Date "2018.03.18"]
[Round "2.78"]
[White "Tutisani, Noe"]
[Black "Ponkratov, Pavel"]
[Result "0-1"]
[WhiteElo "2394"]
[BlackElo "2613"]
[EventDate "2018.03.17"]
[PlyCount "88"]

1.d4 Nf6 2.c4 e6 3.Nc3 Bb4 4.f3 c5 5.d5 exd5 6.cxd5 d6 7.e4 O-O 8.Ne2 Nh5 
9.g3 f5 10.exf5 Bxf5 11.Bg2 c4 12.O-O Bd3 13.a3 Qb6+ 14.Kh1 Bxc3 15.bxc3 
Na6 16.Re1 Nc7 17.g4 Nf6 18.Nf4 Rae8 19.Nxd3 cxd3 20.Rxe8 Rxe8 21.Bg5 Re2 
22.c4 Qb2 23.Rb1 Qa2 24.Ra1 Qxc4 25.Bxf6 gxf6 26.Bf1 Qc3 27.Rb1 Re3 28.Rc1
Re1 29.Rxc3 Rxd1 30.Kg1 d2 31.Rd3 Na6 32.Kf2 Nc5 33.Rd4 Nb3 34.Rd3 Rb1 35.
Be2 b5 36.Ke3 Rb2 37.Bd1 Na5 38.Kd4 Nc4 39.a4 Rb1 40.Be2 Rb4 41.Kc3 Rxa4 
42.Rd4 a5 43.Kb3 Ra1 44.Kc2 Rc1+ 0-1

[Event "19th EUR-ch"]
[Site "Batumi GEO"]
[Date "2018.03.18"]
[Round "2.79"]
[White "Andersen, Mads"]
[Black "Kacharava, Nikolozi"]
[Result "1-0"]
[WhiteElo "2605"]
[BlackElo "2362"]
[EventDate "2018.03.17"]
[PlyCount "51"]

1.d4 d6 2.e4 Nf6 3.Nc3 e5 4.Nf3 Nbd7 5.Bc4 Be7 6.O-O O-O 7.a4 a5 8.Re1 
exd4 9.Nxd4 Nb6 10.Ba2 Nfd7 11.Nf5 Nc5 12.Qh5 Bf6 13.Re3 g6 14.Rg3 Kh8 15.
Qh6 Bxf5 16.exf5 Bg7 17.Qh3 Qf6 18.Rf3 Qe7 19.Bd2 Ncd7 20.fxg6 fxg6 21.
Qxh7+ Kxh7 22.Rh3+ Bh6 23.Bxh6 Rf4 24.Bxf4+ Kg7 25.Bh6+ Kf6 26.Rf3+ 1-0